<?xml version="1.0" encoding="UTF-8"?>
<collection xmlns="http://www.loc.gov/MARC21/slim">
 <record>
  <leader>01061cam a2200277  c4500</leader>
  <controlfield tag="001">116336553X</controlfield>
  <controlfield tag="003">DE-627</controlfield>
  <controlfield tag="005">20181015105052.0</controlfield>
  <controlfield tag="007">tu</controlfield>
  <controlfield tag="008">010719s1998    xx |||||      00| ||und c</controlfield>
  <datafield tag="020" ind1=" " ind2=" ">
   <subfield code="a">3925058389</subfield>
   <subfield code="9">3-925058-38-9</subfield>
  </datafield>
  <datafield tag="035" ind1=" " ind2=" ">
   <subfield code="a">(DE-627)116336553X</subfield>
  </datafield>
  <datafield tag="035" ind1=" " ind2=" ">
   <subfield code="a">(DE-576)093365535</subfield>
  </datafield>
  <datafield tag="035" ind1=" " ind2=" ">
   <subfield code="a">(DE-599)BSZ093365535</subfield>
  </datafield>
  <datafield tag="040" ind1=" " ind2=" ">
   <subfield code="a">DE-627</subfield>
   <subfield code="b">ger</subfield>
   <subfield code="c">DE-627</subfield>
   <subfield code="e">rakwb</subfield>
  </datafield>
  <datafield tag="245" ind1="1" ind2="0">
   <subfield code="a">Münchner Jahrbuch der bildenden Kunst</subfield>
   <subfield code="n">Folge 3, Bd. 48.1997</subfield>
  </datafield>
  <datafield tag="264" ind1=" " ind2="1">
   <subfield code="c">1997 [erschienen] 1998</subfield>
  </datafield>
  <datafield tag="336" ind1=" " ind2=" ">
   <subfield code="a">Text</subfield>
   <subfield code="b">txt</subfield>
   <subfield code="2">rdacontent</subfield>
  </datafield>
  <datafield tag="337" ind1=" " ind2=" ">
   <subfield code="a">ohne Hilfsmittel zu benutzen</subfield>
   <subfield code="b">n</subfield>
   <subfield code="2">rdamedia</subfield>
  </datafield>
  <datafield tag="338" ind1=" " ind2=" ">
   <subfield code="a">Band</subfield>
   <subfield code="b">nc</subfield>
   <subfield code="2">rdacarrier</subfield>
  </datafield>
  <datafield tag="773" ind1="1" ind2="8">
   <subfield code="w">(DE-627)12907523X</subfield>
   <subfield code="w">(DE-576)014407604</subfield>
   <subfield code="w">(DE-600)2607-4</subfield>
   <subfield code="x">0077-1899</subfield>
   <subfield code="g">Folge 3, Bd. 48.1997</subfield>
   <subfield code="q">1998,3048</subfield>
   <subfield code="7">|||s</subfield>
  </datafield>
  <datafield tag="787" ind1="0" ind2="8">
   <subfield code="i">Rezensiert in</subfield>
   <subfield code="a">Tripps, Manfred, 1925 - 2010</subfield>
   <subfield code="t">[Rezension von: Münchner Jahrbuch der bildenden Kunst, 3. Folge, Band 48]</subfield>
   <subfield code="d">1999</subfield>
   <subfield code="w">(DE-627)1547523972</subfield>
   <subfield code="w">(DE-576)477523978</subfield>
  </datafield>
  <datafield tag="935" ind1=" " ind2=" ">
   <subfield code="h">SWB</subfield>
   <subfield code="i">vSatz</subfield>
  </datafield>
  <datafield tag="951" ind1=" " ind2=" ">
   <subfield code="a">JV</subfield>
  </datafield>
  <datafield tag="991" ind1=" " ind2=" ">
   <subfield code="a">Rezension (Monographie, Zeitschrift, Aufsatz)</subfield>
  </datafield>
  <datafield tag="999" ind1=" " ind2=" ">
   <subfield code="a">KXP-PPN116336553X</subfield>
   <subfield code="e">4043610084</subfield>
  </datafield>
 </record>
</collection>
